| 000 | 003910000a22001210004500 | ||
|---|---|---|---|
| 090 |
_aAS _bSeriadas |
||
| 245 | 1 | 0 | _aNotas sobre la biología de dos mariposas Pieridae de grandes alturas de Colombia (<Lepidoptera>) |
| 041 | 0 | _aEspañol | |
| 700 | 1 |
_aTorres Núñez, Rodrigo _995499 |
|
| 100 | 1 |
_aShapiro, Arthur M. _995564 |
|
| 942 | _cARTICULO | ||
| 773 | 1 |
_tCespedesia _3124 _h25-26 _q7-23 _d1978 _g7 |
|
| 999 |
_c15098 _d15098 |
||